000 00207nam a22000857a 4500
008 170210b xxu||||| |||| 00| 0 eng d
100 _92848
_aTrend Setters
245 _aIT Whiz Kit
260 _aNew Delhi
_bLTO
_c2009
999 _c6069
_d6069